000 00788cam a2200217 i 4500
005 20260301124537.0
008 250721s2002 jo gr 000 0 ara d
020 _a9957001736
082 1 4 _a415.1
_bم ل خ
100 1 _aالملخ، حسن خميس
_eمؤلف.
245 1 2 _aالتفكير العلمي في النحو العربي :
_bالإستقراء - التحليل - التفسير /
_cتأليف الدكتور حسن خميس الملخ.
250 _aالطبعة الأولى.
264 3 1 _aعمان :
_bدار الشروق،
_c2002.
300 _a240 صفحة.
650 1 7 _aاللغة العربية.
650 1 7 _aقواعد اللغة.
650 1 7 _aعلم الصرف.
650 1 7 _aالنحو.
942 _2ddc
_cBK
999 _c48255
_d48255